Carregant...

Introduction to social work: the people's profession/

Dades bibliogràfiques
Autor principal: Udit Sonkar
Format: Printed Book
Publicat: New Delhi: Mohit Publications, 2012
Matèries:
LEADER 006310000a22001690004500
020 |a 9788174455918 
082 |a 361.32  |b Q2 
100 |a Udit Sonkar  |9 2665 
245 |a Introduction to social work:  |b the people's profession/  |c Udit Sonkar 
260 |a New Delhi:  |b  Mohit Publications,  |c 2012 
300 |a vi, 272p 
504 |a Includes bibliographical references and index 
650 |a Social service  |9 1569 
650 |a Social workers  |9 2666 
942 |c BK 
999 |c 50846  |d 50846 
952 |0 0  |1 0  |4 0  |6 361_320000000000000_Q2  |7 0  |9 51578  |a MGUL  |b MGUL  |d 2013-07-16  |e Rs.995.00  |l 4  |o 361.32 Q2  |p 48883  |q 2020-11-24  |r 2020-10-30  |s 2020-10-30  |w 2013-07-16  |y BK